000
00311nam a2200121Ia 4500
008
151001s9999||||xx |||||||||||||| ||und||
100
_a
चारुशीला भिडे
245
_a
अनपेक्षित
250
_a
1
260
_b
देविका
300
_a
152
365
_b
18
999
_c
974267
_d
974264